000
00422nam a2200157Ia 4500
008
100122s9999 xx 000 0 und d
082
_b
14055
_a
50
245
_a
औदुंबर -2008
250
_a
0
300
_a
148
520
_a
दिवाळी अंक - 2006
620
_a
दिवाळी अंक - 2006
630
_a
औदुंबर -2008
730
_a
औदुंबर -2008
942
_c
BOOK
999
_c
387572
_d
387569